Dünyada olmayan süper demokrasisi ve son sistemleri ile dünyayı kurtaracak adam düşünürcücü (Record no. 3826)

MARC details
000 -BAŞLIK
Sabit Uzunlukta Kontrol Alanı 00684na a2200229 4500
001 - KONTROL NUMARASI
Denetim Alanı 18178
003 - KONTROL NUMARASI IDENTIFIER
Denetim Alanı MIRAKIL
005 - SON İŞLEM TARİHİ VE ZAMANI
Denetim Alanı 20181213154944.0
008 - SABİT-BOY VERİ ELEMANLARI - GENEL BİLGİLER
Sabit Uzunlukta Kontrol Alanı 161114b tu 000 0
020 ## - ULUSLARARASI STANDART KİTAP NUMARASI
Uluslararası Standart Kitap Numarası 9786051256030
040 ## - KATALOGLAMA KAYNAK
Orijinal Kataloglama Ajansı Milas
Kataloglama Dili tur
Metne Dönüştürmek Ajansı TR-AnCHP
041 ## - DİL KODU
Metin / Ses Parça Veya Ayrı Başlığın Dil Kodu tur
082 ## - DEWEY ONLU SINIFLANDIRMA NUMARASI
Sınıflandırma Numarası 320.9
Ürün Numarası G75 2005
090 ## - SINIFLAMA NUMARASI
Sınıflama Numarası 320.9 G75 2005
100 ## - ANA GİRİŞ - KİŞİSEL İSİM
Kişisel Ad Gönç, Hüseyin
245 ## - BAŞLIK TABLOSU
Başlık Dünyada olmayan süper demokrasisi ve son sistemleri ile dünyayı kurtaracak adam düşünürcücü
Sorumluluk Tablosu, Vb Hüseyin Gönç
250 ## - EDITION TABLOSU
Baskı Beyanı gnşl. 4 bs.
260 ## - YAYIN, DAĞITIM, VB
Yayın, Dağıtım, Vb Yeri İzmir
Yayıncı, Dağıtıcı, Vs Adı EYS Basım Yayın
Yayın, Dağıtım, Vb Tarihi 2005
300 ## - FİZİKSEL TANIM
Kapsam 83 s.
Boyutlar 20 sm.
650 ## - KONU KATMA GİRİŞ - TOPİKAL DÖNEM
Topikal Süreli Veya Coğrafi Ad Giriş Elemanı Toplum bilimleri
Genel Alt Bölümü Siyasal durum ve koşullar
942 ## - EKLENDİ GİRİŞ ELEMANLARI (KOHA)
Sınıflandırma Veya Raf Düzeni Kaynak Dewey Decimal Classification
Koha Öğesi Türü Books
999 ## - SİSTEM KONTROL NUMARALARI (KOHA)
Koha Biblionumber 3826
Koha Biblioitemnumber 3826
Holdings
Kalıcı Konum Mevcut Konum Edinme Tarihi Edinim Kaynak Toplam Check-Out'Lar Tam Çağrı Numarası Barkod Tarih Son Görülme İtibaren Geçerli Fiyatlar Koha Öğesi Türü
CHP Kütüphanesi CHP Kütüphanesi 11/14/2016 Bağış   320.9 G75 2005 009440 11/14/2016 11/14/2016 Books